Propuesta de especificación del parámetro JC-integral para mezclas asfálticas

Gespeichert in:
Bibliographische Detailangaben
1. Verfasser: Slein Conejo, Javier,1996-
Weitere Verfasser: Sequeira Rojas, Wendy Susana, 1979- Directora del TFG
Format: Buch
Sprache:Spanish
Veröffentlicht: [San José], Costa Rica, 2021
Schlagworte:
Online Zugang:https://cedi.ucr.ac.cr/civil/propuesta-de-especificacion-del-parametro-jc-integral-para-mezclas-asfalticas/
Tags: Tag hinzufügen
Keine Tags, Fügen Sie den ersten Tag hinzu!

MARC

LEADER 00000nam a2200000Ia 4500
003 013398
005 20230502155934.0
008 140116s2021 cr a 000 ||spa d
040 |c cru CEDI 
100 |a Slein Conejo, Javier,1996-  |9 145 
245 |a Propuesta de especificación del parámetro JC-integral para mezclas asfálticas 
260 |a  [San José], Costa Rica,  |c 2021 
500 |a  Proyecto de graduación (licenciatura en ingeniería civil)--Universidad de Costa Rica. Facultad de Ingeniería. Escuela de Ingeniería civil 
501 |a Directora de Proyecto de Graduación: Ing. Wendy Sequeira Rojas, MSc. 
650 |x PAVIMENTOS DE ASFALTO - CONTROL DE CALIDAD   |x MEZCLAS DE EMULSION ASFALTICA  |x PAVIMENTOS DE ASFALTO - DISEÑO Y CONSTRUCCION  
700 |9 146  |a Sequeira Rojas, Wendy Susana, 1979-  |d Directora del TFG 
856 |u https://cedi.ucr.ac.cr/civil/propuesta-de-especificacion-del-parametro-jc-integral-para-mezclas-asfalticas/  |y https://cedi.ucr.ac.cr/civil/propuesta-de-especificacion-del-parametro-jc-integral-para-mezclas-asfalticas/ 
942 |c CEDI  |h TFG 8549  |2 ddc  |6 TFG_8549_000000000000000 
999 |c 21900  |d 21900